| 000 | 02261cam a2200313 i 4500 | ||
|---|---|---|---|
| 001 | on1029072483 | ||
| 005 | 20180904143155.0 | ||
| 008 | 180904s2018 nyua 000 0 eng d | ||
| 010 | _a 2018011431 | ||
| 020 | _a9780071839853 (2a.Ed.) | ||
| 020 | _a0071839852 | ||
| 035 | _a(OCoLC)1029072483 | ||
| 040 |
_aCo-BoUCM _beng _cSaul Niño _dSaul Niño |
||
| 041 | 0 | _aeng | |
| 060 | 4 | _aWB 18.2 | |
| 245 | 0 | 0 |
_aFirst aid for the emergency medicine oral boards _ceditors, David S. Howes, John R. Dayton, James Ahn, Navneet Cheema, Janis Tupesis |
| 250 | _aSegunda edición | ||
| 260 |
_aNew York _bMcGraw-Hill _c2018 |
||
| 300 | _axv, 880 páginas | ||
| 520 | _a"Comprehensive text and fifty cases provide everything needed to ace the Emergency Medicine Oral Boards! This unique exam prep is the first resource to specifically address every key requirement for emergency medicine oral board success: basic exam preparation, managing information; understanding basic principles of care management; and avoiding specific pitfalls. Readers will find a detailed description of the exam, including format, scoring, what to expect on exam day, content, recommended study plan, preparation advice, and additional resources. The text is enhanced by fifty cases, along with the actual dialog that could and should occur during patient simulation plus images and lab results test takers must be familiar with. NEW TO THIS EDITION: All of the fifty cases are completely new. A complete review of basic management skills, including airway management, shock, trauma, common procedures, and more Tips and pearls on what to say, order, and do. Diagnostic and management algorithms by chief complaint (including pediatric) -- everything from abdominal pain to weakness"-- | ||
| 520 | _a"Real exam strategies to help avoid pitfalls and errors on the Emergency Medicine Oral Boards"-- | ||
| 546 | _aTexto en inglés | ||
| 650 | 7 |
_aMedicina de emergencias _xExámenes, preguntas, etc. _919141 |
|
| 650 | 7 |
_aMedicina de emergencias _xMétodos de simulación _919141 |
|
| 650 | 7 |
_aPrimeros auxilios _xExámenes, preguntas, etc. _922281 |
|
| 700 | 1 |
_aHowes, David S. _eeditor _993549 |
|
| 942 |
_2NLM _a26 _cLIBRO _e1 _hWB 18.2 _mF527e |
||
| 999 |
_c310421 _d310421 |
||